Temas de derecho <El> español en el ámbito jurídico

Enregistré dans:
Détails bibliographiques
Auteur principal: de Juan, Carmen Rosa
Autres auteurs: Fernández, José Antonio
Format: Livre
Langue:espagnol
Publié: Madrid Edinumen 2010
Sujets:
Tags: Ajouter un tag
Pas de tags, Soyez le premier à ajouter un tag!

MARC

LEADER 00000nam a2200000 4500
001 0242813
005 20240318115055.3
020 |a 978-84-9848-119-8 
041 0 |a spa 
044 |a ES 
245 1 0 |a Temas de derecho  |b <El> español en el ámbito jurídico  |c Carmen Rosa de Juan, José Antonio Fernández 
264 1 |a Madrid  |b Edinumen  |c 2010 
300 |a 87 s. 
610 2 0 |a jazykoveda 
610 2 0 |a terminológia 
610 2 0 |a jazyky cudzie 
610 2 0 |a španielčina 
610 2 0 |a právo 
100 1 |a de Juan, Carmen Rosa 
700 1 |a Fernández, José Antonio